Vplyv osobnosti manažéra na motiváciu zamestnancov

Sila vplyvu osobnosti manažéra na motiváciu zamestnancov so zameraním na emocionálnu a sociálnu inteligenciu ako významnú zložku jeho osobnosti. Zameranie sa na dostupnú domácu i zahraničnú literatúru a výskumy k predmetnej problematike. Primárny prieskum na základe štruktúrovaných rozhovorov uskuto...

Ausführliche Beschreibung

Gespeichert in:
Bibliographische Detailangaben
1. Verfasser: Smutný, Filip
Format: Buchkapitel
Sprache:Slowakisch
Schlagworte:
Tags: Tag hinzufügen
Keine Tags, Fügen Sie das erste Tag hinzu!

MARC

LEADER 00000naa a2200000 4500
001 0270780
005 20201217105122.7
041 0 |a slo 
044 |a SK 
245 1 0 |a Vplyv osobnosti manažéra na motiváciu zamestnancov  |c Filip Smutný 
520 |a Sila vplyvu osobnosti manažéra na motiváciu zamestnancov so zameraním na emocionálnu a sociálnu inteligenciu ako významnú zložku jeho osobnosti. Zameranie sa na dostupnú domácu i zahraničnú literatúru a výskumy k predmetnej problematike. Primárny prieskum na základe štruktúrovaných rozhovorov uskutočnených v roku 2019 so zástupcami troch nadnárodných spoločností pôsobiacich na Slovensku. Ide o manažérov ľudských zdrojov spoločností Sheraton a Crowne Plaza a IT konzultanta spoločnosti IBM. 
610 2 0 |a motivácia 
610 2 0 |a manažéri 
610 2 0 |a zamestnanci 
610 2 0 |a osobnosť 
610 2 0 |a inteligencia emocionálna 
610 2 0 |a inteligencia sociálna 
100 1 |a Smutný, Filip